| 000 | 00000nam##2200000za#4500 |
| 001 | 9.604042 |
| 003 | CaOODSP |
| 005 | 20260128153022 |
| 007 | cr ||||||||||| |
| 008 | 150406|2002||||xxc|||||o f|0| 0 fre|d |
| 022 | |a1488-545X |
| 040 | |aCaOODSP|bfre |
| 043 | |an-cn--- |
| 086 | 1 |aFs97-6/2418F-PDF |
| 110 | 2 |aInstitut Maurice-Lamontagne. |
| 245 | 10|aProduction d'un indice de dispersion pour le capelan (Mallotus villosus L.) de l'estuaire et du nord du golfe du Saint-Laurent par le krigeage d'indicatrice / |h[ressource électronique]|c[par] François Grégoire, Hugo Bourdages et Joannie Roy. |
| 260 | |aMont-Joli - Québec : |bPêches et Océans Canada. |cc2002. |
| 300 | |a34p.|bgraphiques, cartes, références, tableaux |
| 490 | 1 |aRapport technique canadien des sciences halieutiques et aquatiques|x1488-545X|vN° 2418 |
| 500 | |aLe n° de catalogue (Fs97-6/2418F) et l'ISSN (0706-6570) de l'édition imprimée ont été incorrectement copiés dans l'édition électronique. |
| 546 | |a(Abstract in English) |
| 590 | |a12-23-Supp|b2012-05-28 |
| 720 | 1 |aGrégoire, François |
| 720 | 1 |aRoy, Joannie |
| 720 | 1 |aBourdages, Hugo |
| 776 | 0#|tProduction d'un indice de dispersion pour le capelan (Mallotus villosus L.) de l'estuaire et du nord du golfe du Saint-Laurent par le krigeage d'indicatrice / |w(CaOODSP)9.626042 |
| 830 | #0|aRapport technique canadien des sciences halieutiques et aquatiques,|x1488-545X|vN° 2418|w(CaOODSP)9.500867 |
| 856 | 40|ahttp://publications.gc.ca|qPDF|s1.13 Mo|uhttps://publications.gc.ca/collections/collection_2012/mpo-dfo/Fs97-6-2418-fra.pdf|yN° 2418 |